Štatistické modely vo finančnom riadení firmy

Analýza časových radov zameraná na oblasť výroby vo výrobnom podnikateľskom subjekte a porovnanie modelov pre premennú výroba.

Enregistré dans:
Détails bibliographiques
Auteur principal: Litavcová, Eva
Autres auteurs: Jenčová, Sylvia
Format: Chapitre de livre
Langue:slovaque
Sujets:
Tags: Ajouter un tag
Pas de tags, Soyez le premier à ajouter un tag!

MARC

LEADER 00000nla a2200000 4500
001 0193456
005 20240417075050.2
041 0 |a slo 
044 |a SK 
245 1 0 |a Štatistické modely vo finančnom riadení firmy  |c Eva Litavcová, Sylvia Jenčová 
520 |a Analýza časových radov zameraná na oblasť výroby vo výrobnom podnikateľskom subjekte a porovnanie modelov pre premennú výroba. 
610 2 0 |a rady časové 
610 2 0 |a riadenie finančné 
610 2 0 |a modely štatistické 
610 2 0 |a výroba 
610 2 0 |a podnik výrobný 
610 2 0 |a prostredie podnikateľské 
100 1 |a Litavcová, Eva 
700 1 |a Jenčová, Sylvia